US States Where English and Spanish are NOT the Most Common Languages - Statistics

General Stats
  • This quiz has been taken 1,718 times
  • The average score is 5 of 7
Answer Stats
Language State % Correct
Yupik Alaska
86%
French Maine
84%
French Louisiana
79%
French Vermont
79%
Tagalog Hawaii
78%
French New Hampshire
75%
German North Dakota
61%
No matching quizzes found
Score Distribution
Percent of People with Each Score
Percentile by Number Answered
Your Score History
You have not taken this quiz